[Event "Titled Tue 24th Jun Early"]
[Site "chess.com INT"]
[Date "2025.06.24"]
[Round "11"]
[White "Bruhovich, Olexandr"]
[Black "Willim, Michael"]
[Result "0-1"]
[WhiteTitle "CM"]
[BlackTitle "CM"]
[WhiteElo "2208"]
[BlackElo "2024"]
[WhiteFideId "14119919"]
[BlackFideId "4632435"]
[EventDate "2025.06.24"]

1. b3 d5 2. Bb2 Nf6 3. g3 Bf5 4. Bg2 e6 5. d3 h6 6. Nd2 Be7 7. e4 Bg6 8. Ne2 O-O
9. O-O c6 10. h3 a5 11. f4 a4 12. f5 exf5 13. exf5 Bh7 14. Rb1 Qd7 15. g4 Re8
16. Nf3 Bd6 17. Bxf6 gxf6 18. Qd2 Kg7 19. d4 Qc7 20. Rfe1 Nd7 21. Kh1 axb3 22.
axb3 c5 23. c3 b5 24. dxc5 Nxc5 25. Qxd5 Ne4 26. Nfd4 Nxc3 27. Nxc3 Rxe1+ 28.
Rxe1 Qxc3 29. Rd1 Qg3 30. Nf3 Rd8 31. Qxb5 h5 32. Qc4 Re8 33. b4 Re3 34. Qf1
Rxf3 35. Qxf3 Qh2# 0-1

[Event "Titled Tue 24th Jun Early"]
[Site "chess.com INT"]
[Date "2025.06.24"]
[Round "11"]
[White "Andrade, Ivan"]
[Black "Radchenko, Alexey"]
[Result "1-0"]
[WhiteTitle "FM"]
[BlackTitle "FM"]
[WhiteElo "2144"]
[BlackElo "2290"]
[WhiteFideId "14800039"]
[BlackFideId "4192362"]
[EventDate "2025.06.24"]

1. e4 c6 2. d4 d5 3. e5 c5 4. dxc5 e6 5. a3 Bxc5 6. b4 Bb6 7. Bb2 Nc6 8. Nf3
Nge7 9. Bd3 Ng6 10. O-O Bd7 11. Nbd2 Nf4 12. Bb5 g5 13. c4 Rg8 14. cxd5 Nxd5 15.
Ne4 g4 16. Nd6+ Kf8 17. Bc1 Rg6 18. Nd2 Nxe5 19. Bxd7 Qxd7 20. N6c4 Nxc4 21.
Nxc4 Bc7 22. Bb2 Rd8 23. Qd4 Nf4 24. Qh8+ Ke7 25. Qxh7 Qd5 26. Ne3 Qc6 27. Qh4+
Kf8 28. Rfd1 Nd3 29. Bf6 Rd7 30. Qh8+ Rg8 31. Bg7+ Ke7 32. Qxg8 Rd8 33. Qh7 Bb6
34. Rxd3 g3 35. hxg3 Bxe3 36. Qh4+ Bg5 37. Qxg5+ 1-0

[Event "Titled Tue 24th Jun Early"]
[Site "chess.com INT"]
[Date "2025.06.24"]
[Round "11"]
[White "Guliev, Gasan"]
[Black "Zepeda Berlanga, Jan Enrique"]
[Result "1-0"]
[WhiteTitle "CM"]
[BlackTitle "CM"]
[WhiteElo "2123"]
[BlackElo "1984"]
[WhiteFideId "34165638"]
[BlackFideId "5132355"]
[EventDate "2025.06.24"]

1. d4 Nf6 2. Nf3 d5 3. c4 e6 4. Nc3 Be7 5. g4 c6 6. g5 Ne4 7. Rg1 Qa5 8. Qc2 Nd7
9. Nd2 Nxc3 10. Qxc3 Qxc3 11. bxc3 Nb6 12. e4 dxc4 13. Nxc4 c5 14. Nxb6 axb6 15.
Bc4 cxd4 16. cxd4 Bd7 17. Bb3 Bc6 18. f3 Rd8 19. Be3 b5 20. O-O-O Ba3+ 21. Kb1
Ke7 22. d5 exd5 23. exd5 Bd7 24. Bb6 Bf5+ 25. Ka1 Rd7 26. Rge1+ Kf8 27. h4 f6
28. gxf6 gxf6 29. Bd4 Kf7 30. d6+ Kg6 31. Rg1+ Kh6 32. Bxf6 Rf8 33. Bg5+ Kh5 34.
Be7 Bc5 35. Rg5+ Kh6 36. Bxf8+ 1-0

[Event "Titled Tue 24th Jun Early"]
[Site "chess.com INT"]
[Date "2025.06.24"]
[Round "11"]
[White "Abramor, Franco"]
[Black "Sarveshwaran V"]
[Result "1-0"]
[BlackTitle "CM"]
[WhiteElo "2167"]
[BlackElo "2290"]
[WhiteFideId "181633"]
[BlackFideId "25699016"]
[EventDate "2025.06.24"]

1. Nf3 Nf6 2. b3 e6 3. Bb2 d5 4. g3 Be7 5. Bg2 O-O 6. O-O c5 7. d3 Nc6 8. Nbd2
d4 9. Re1 e5 10. e3 Re8 11. Nc4 Bf8 12. a4 Bg4 13. h3 Bd7 14. a5 Rb8 15. Qd2 h6
16. Kh2 e4 17. dxe4 Nxe4 18. Qe2 dxe3 19. Nxe3 Qc7 20. a6 b5 21. Nd5 Qd6 22. Ne3
Nd4 23. Nxd4 cxd4 24. Rad1 Nxg3 25. fxg3 Rxe3 26. Qxe3 dxe3 27. Rxd6 Bxd6 28.
Rxe3 Bf5 29. Re2 Rb6 30. Bb7 b4 31. Bd4 Rb5 32. Bxa7 h5 33. Bf2 h4 34. a7 hxg3+
35. Bxg3 Bxg3+ 36. Kxg3 Ra5 37. a8=Q+ Rxa8 38. Bxa8 g5 39. Be4 Be6 40. Bd3 Kg7
41. Rxe6 fxe6 42. Kg4 Kf6 43. Kh5 e5 44. Be4 Ke6 45. Kxg5 Kd6 46. Kf6 Kc5 47.
Kxe5 Kb5 48. h4 Ka5 49. h5 Kb5 50. h6 Ka5 51. h7 Kb5 52. h8=Q Kc5 53. Qc8+ Kb6
54. Qc6+ Ka5 55. Qc5+ Ka6 56. Qxb4 Ka7 57. Qb7# 1-0

[Event "Titled Tue 24th Jun Early"]
[Site "chess.com INT"]
[Date "2025.06.24"]
[Round "11"]
[White "Borges, Wagner da Silva"]
[Black "Babayeva, Nasrin"]
[Result "1-0"]
[WhiteTitle "CM"]
[BlackTitle "WFM"]
[WhiteElo "2062"]
[BlackElo "1936"]
[WhiteFideId "2100401"]
[BlackFideId "13416626"]
[EventDate "2025.06.24"]

1. c4 e5 2. g3 Nc6 3. Bg2 f5 4. d3 Nf6 5. Nc3 Bb4 6. Bd2 O-O 7. a3 Bxc3 8. Bxc3
d6 9. b4 Ne7 10. Nf3 c6 11. Qb3 h6 12. h4 Be6 13. Qc2 Qc7 14. e3 e4 15. Nd4 exd3
16. Nxe6 dxc2 17. Nxc7 Rac8 18. Ne6 Rfe8 19. Nd4 f4 20. Nxc2 fxg3 21. fxg3 Nf5
22. O-O-O Nxg3 23. Rhe1 Ng4 24. Rxd6 Nf5 25. Rg6 Ngxe3 26. Nxe3 Nxe3 27. Rxg7+
Kf8 28. Bh3 Nxc4 29. Rf1# 1-0

[Event "Titled Tue 24th Jun Early"]
[Site "chess.com INT"]
[Date "2025.06.24"]
[Round "11"]
[White "Smirnov, Alexandr A."]
[Black "Kosteniuk, Alexandra"]
[Result "0-1"]
[WhiteTitle "FM"]
[BlackTitle "GM"]
[WhiteElo "2136"]
[BlackElo "2474"]
[WhiteFideId "24104396"]
[BlackFideId "4128125"]
[EventDate "2025.06.24"]

1. e4 c6 2. d4 d5 3. exd5 cxd5 4. Bd3 Nc6 5. c3 Nf6 6. h3 g6 7. Nf3 Bf5 8. O-O
e6 9. Re1 Qc7 10. Bf1 Bd6 11. Nbd2 g5 12. Bb5 g4 13. Ne5 gxh3 14. g3 Bxe5 15.
dxe5 Ng4 16. Nf3 Be4 17. Bf4 Qb6 18. Bxc6+ bxc6 19. Be3 Qxb2 20. Nh2 Nxe3 21.
Rxe3 Rb8 22. Re1 h5 23. Qd4 Qb6 24. Qd2 Rg8 25. Rxe4 dxe4 26. Kf1 Qb5+ 27. Kg1
Qd3 28. Qh6 Rb1+ 29. Rxb1 Qxb1+ 0-1

[Event "Titled Tue 24th Jun Early"]
[Site "chess.com INT"]
[Date "2025.06.24"]
[Round "11"]
[White "Karpenko, Anton"]
[Black "Dyulgerov, Volen"]
[Result "1-0"]
[WhiteTitle "CM"]
[BlackTitle "CM"]
[WhiteElo "2219"]
[BlackElo "2200"]
[WhiteFideId "34374353"]
[BlackFideId "2918978"]
[EventDate "2025.06.24"]

1. e4 e5 2. Nf3 d5 3. Nxe5 Nf6 4. exd5 Qxd5 5. Nf3 Nc6 6. Nc3 Qh5 7. Be2 Bg4 8.
h3 Bd6 9. d4 O-O-O 10. Be3 Bb4 11. Qd3 Bf5 12. Qc4 Be6 13. Qd3 Bf5 14. Qd2 Ne4
15. Ng5 Qg6 16. Ngxe4 Bxe4 17. O-O-O Rhe8 18. a3 Ba5 19. Rhg1 Kb8 20. Bd3 Nxd4
21. Bxe4 Rxe4 22. Bxd4 Rexd4 23. Qxd4 Rxd4 24. Rxd4 c5 25. Rd3 c4 26. Rg3 Qh6+
27. Kb1 Bb6 28. Rd1 Bxf2 29. Rf3 Bb6 30. Rxf7 Ba5 31. Rdd7 Bxc3 32. Rf8# 1-0

[Event "Titled Tue 24th Jun Early"]
[Site "chess.com INT"]
[Date "2025.06.24"]
[Round "11"]
[White "Pakleza, Zbigniew"]
[Black "Le, Tuan Minh"]
[Result "1-0"]
[WhiteTitle "GM"]
[BlackTitle "GM"]
[WhiteElo "2484"]
[BlackElo "2598"]
[WhiteFideId "1119290"]
[BlackFideId "12401153"]
[EventDate "2025.06.24"]

1. d4 d5 2. Nf3 Nf6 3. Bf4 c5 4. c3 Qb6 5. Qb3 Nc6 6. Nbd2 cxd4 7. Qxb6 axb6 8.
Nxd4 e5 9. Nxc6 exf4 10. Nd4 Bd7 11. g3 Bd6 12. Bg2 O-O 13. O-O Rfe8 14. Rfe1 h5
15. a3 g5 16. N2f3 Ne4 17. Rad1 Ba4 18. Rd3 Rad8 19. Nf5 Bc5 20. N3d4 Re5 21.
gxf4 Rxf5 22. Nxf5 Nxf2 23. Rxd5 Ne4+ 24. Rxc5 Nxc5 25. fxg5 Rd2 26. b4 Ne6 27.
h4 Nf4 28. Bf3 Kf8 29. Ng3 Ra2 30. Nxh5 Ng6 31. Bxb7 Rxa3 32. Rc1 Nxh4 33. Kf2
Nf5 34. Be4 Nd6 35. Bd3 Bb5 36. c4 Bc6 37. c5 bxc5 38. Rxc5 Bd7 39. Nf6 Be6 40.
b5 Rb3 41. Ne4 Nc8 42. Bc4 Ne7 43. Bxb3 1-0

[Event "Titled Tue 24th Jun Early"]
[Site "chess.com INT"]
[Date "2025.06.24"]
[Round "11"]
[White "Dudzinski, Piotr"]
[Black "Shevchenko, Yaroslav"]
[Result "1-0"]
[WhiteTitle "FM"]
[WhiteElo "2335"]
[BlackElo "2179"]
[WhiteFideId "1119362"]
[BlackFideId "34144684"]
[EventDate "2025.06.24"]

1. e4 c5 2. c3 d5 3. exd5 Qxd5 4. d4 Nf6 5. Nf3 e6 6. Be2 Nc6 7. O-O Be7 8. Be3
Ng4 9. Nbd2 cxd4 10. cxd4 O-O 11. Qb3 Qd8 12. Rfd1 b6 13. Ne5 Ncxe5 14. dxe5
Nxe3 15. Qxe3 Bc5 16. Qg3 Bb7 17. Nc4 Qe7 18. Nd6 Bd5 19. Rxd5 Bxf2+ 20. Kxf2
exd5 21. Nf5 Qc5+ 22. Qe3 Rfe8 23. Qxc5 bxc5 24. Rc1 Rxe5 25. Ng3 Rc8 26. Bf3 g6
27. Ne2 d4 28. Nxd4 Rd8 29. Nb3 Rc8 30. Nd2 Kg7 31. Nc4 Re6 32. Rd1 Rc7 33. b3
Ra6 34. a4 Rf6 35. Ne3 Re6 36. Rc1 Rc8 37. Rc2 Rb6 38. Rc3 Rb4 39. Bd5 Rd4 40.
Bc4 Re8 41. Rc2 f5 42. g3 Red8 43. Kf3 Kf6 44. Be2 Rc8 45. Rc1 Rb4 46. Nd5+ 1-0

[Event "Titled Tue 24th Jun Early"]
[Site "chess.com INT"]
[Date "2025.06.24"]
[Round "11"]
[White "Leung, Hoi Ting"]
[Black "Bustelo, Tabare"]
[Result "1-0"]
[WhiteTitle "WCM"]
[BlackTitle "CM"]
[WhiteElo "1618"]
[BlackElo "2043"]
[WhiteFideId "6003770"]
[BlackFideId "3000362"]
[EventDate "2025.06.24"]

1. d4 c5 2. e3 b6 3. Nf3 e6 4. a3 Bb7 5. Bc4 Nf6 6. O-O Be7 7. dxc5 bxc5 8. b3
d5 9. Be2 Nbd7 10. Bb2 O-O 11. Nc3 Rc8 12. a4 c4 13. Nb5 a6 14. Nbd4 e5 15. Nf5
c3 16. Nxe7+ Qxe7 17. Ba3 Nc5 18. b4 Nce4 19. b5 Qe6 20. Bxf8 Rxf8 21. Bd3 h5
22. bxa6 Ba8 23. Bxe4 Nxe4 24. g3 Qh3 25. Qe2 Nf6 26. Nxe5 Ng4 27. Nxg4 hxg4 28.
f3 d4 29. e4 gxf3 30. Qxf3 f6 31. Rfe1 Re8 32. Rad1 Re5 33. Rxd4 Rh5 34. Qg2 Qe6
35. Rd8+ Kh7 36. Rxa8 Qb6+ 37. Kh1 Qc7 38. e5 fxe5 39. Re8 g6 40. Qd5 Qf7 41.
Qxf7+ Kh6 42. Rh8+ Kg5 43. h4+ Kg4 44. Qxg6+ Kh3 45. Qxh5 e4 46. Qf5+ Kxg3 47.
Rg1# 1-0

[Event "Titled Tue 24th Jun Early"]
[Site "chess.com INT"]
[Date "2025.06.24"]
[Round "11"]
[White "Samunenkov, Ihor"]
[Black "Fedotov, Nikita2"]
[Result "1-0"]
[WhiteTitle "GM"]
[BlackTitle "FM"]
[WhiteElo "2562"]
[BlackElo "2278"]
[WhiteFideId "14187086"]
[BlackFideId "24161446"]
[EventDate "2025.06.24"]

1. e4 e5 2. Nf3 Nc6 3. Bb5 a6 4. Ba4 Nf6 5. O-O Be7 6. Bxc6 dxc6 7. d3 Nd7 8. b3
f6 9. Bb2 Nc5 10. Nh4 O-O 11. Nd2 Re8 12. Nf5 Bf8 13. Qg4 Kh8 14. Qh4 Ne6 15.
Rae1 Nf4 16. g3 g5 17. Qg4 Ng6 18. Qh5 Be6 19. Nc4 Bf7 20. Nce3 Qd7 21. Qf3 Qe6
22. Kh1 Rad8 23. Rg1 Rd7 24. Bc1 Bg8 25. Qh5 Qf7 26. Nh6 Bxh6 27. Qxh6 Qg7 28.
Qh5 Be6 29. Nf5 Qf8 30. h4 Bxf5 31. exf5 Ne7 32. hxg5 fxg5 33. Rxe5 Rd6 34. Bxg5 1-0

[Event "Titled Tue 24th Jun Early"]
[Site "chess.com INT"]
[Date "2025.06.24"]
[Round "11"]
[White "Izafatava, Kira"]
[Black "Viskelis, Darius"]
[Result "0-1"]
[WhiteTitle "WCM"]
[BlackTitle "FM"]
[WhiteElo "2036"]
[BlackElo "2170"]
[WhiteFideId "13521705"]
[BlackFideId "12800830"]
[EventDate "2025.06.24"]

1. e4 c5 2. Nf3 g6 3. d4 cxd4 4. Nxd4 Bg7 5. c4 Nc6 6. Be3 Nf6 7. Nc3 Qa5 8. Qd2
Nxe4 9. Nxe4 Qxd2+ 10. Nxd2 Bxd4 11. Bxd4 Nxd4 12. Bd3 d6 13. O-O Bf5 14. Bxf5
gxf5 15. b3 Kd7 16. f3 e5 17. Kf2 Rhg8 18. Rac1 a5 19. c5 d5 20. Rfe1 f6 21. Nb1
f4 22. Nc3 Kc6 23. Na4 Rg5 24. g3 fxg3+ 25. hxg3 Rag8 26. g4 h5 27. gxh5 Rxh5
28. Rg1 Rh2+ 29. Ke3 Rxg1 30. Rxg1 Rh3 31. Rf1 Ne6 32. Kd3 Nxc5+ 33. Nxc5 Kxc5
34. Rc1+ Kd6 35. Ke3 e4 36. Kd4 Rxf3 37. Rd1 Rd3+ 38. Rxd3 exd3 39. Kxd3 Ke5 40.
Ke3 f5 41. Kd2 f4 42. Ke2 Ke4 43. Kf2 d4 44. a3 b5 45. b4 axb4 46. axb4 d3 47.
Ke1 Ke3 48. Kd1 f3 49. Ke1 f2+ 50. Kf1 d2 51. Kg2 d1=Q 0-1

[Event "Titled Tue 24th Jun Early"]
[Site "chess.com INT"]
[Date "2025.06.24"]
[Round "11"]
[White "Molina, Roberto Junio Brito"]
[Black "Roebers, Eline"]
[Result "1-0"]
[WhiteTitle "IM"]
[BlackTitle "IM"]
[WhiteElo "2381"]
[BlackElo "2356"]
[WhiteFideId "2109450"]
[BlackFideId "1058401"]
[EventDate "2025.06.24"]

1. d4 f5 2. g3 Nf6 3. Bg2 g6 4. Nf3 Bg7 5. O-O O-O 6. c4 d6 7. Nc3 Qe8 8. d5 Na6
9. Nd4 Bd7 10. Rb1 c6 11. dxc6 bxc6 12. a3 Nc5 13. b4 Nce4 14. Nxe4 Nxe4 15. Bb2
Qf7 16. Qd3 e5 17. Nb3 d5 18. cxd5 cxd5 19. Rbc1 Be6 20. Nc5 Nxc5 21. Rxc5 e4
22. Qd2 Rad8 23. Bd4 Bxd4 24. Qxd4 Qf6 25. e3 Qxd4 26. exd4 f4 27. Rfc1 f3 28.
Bf1 Rf7 29. R1c3 h5 30. h4 Kg7 31. Kh2 g5 32. hxg5 h4 33. Bh3 hxg3+ 34. Kxg3
Bxh3 35. Kxh3 Rh8+ 36. Kg3 Rf5 37. Kg4 Rhf8 38. Rc7+ Kg8 39. Re7 R5f7 40. Re5
Rf4+ 41. Kh5 e3 42. Rexe3 R8f7 43. Re8+ Kg7 44. Rc6 Rxd4 45. Rg6+ Kh7 46. Rh6+
Kg7 47. Reh8 Rff4 48. R6h7# 1-0

[Event "Titled Tue 24th Jun Early"]
[Site "chess.com INT"]
[Date "2025.06.24"]
[Round "11"]
[White "Ivanov, Andrey A."]
[Black "Romany, Joy"]
[Result "1-0"]
[WhiteTitle "CM"]
[BlackTitle "WIM"]
[WhiteElo "2120"]
[BlackElo "1960"]
[WhiteFideId "2514311"]
[BlackFideId "10656820"]
[EventDate "2025.06.24"]

1. Nf3 Nf6 2. d4 d5 3. c4 c6 4. Nc3 g6 5. cxd5 cxd5 6. h4 h5 7. e3 Bg7 8. Bb5+
Nc6 9. Ne5 Bd7 10. Qb3 e6 11. Bxc6 Bxc6 12. a3 Nd7 13. Nxc6 bxc6 14. Bd2 Rb8 15.
Qc2 Qb6 16. b4 Qb7 17. Rc1 Nb6 18. Na4 Nc4 19. Nc5 Qc8 20. Qa4 O-O 21. Bc3 e5
22. O-O e4 23. Ba1 f5 24. Qb3 f4 25. Rxc4 dxc4 26. Qxc4+ Kh7 27. Ne6 Rf6 28.
Nxf4 Qg4 29. g3 Rbf8 30. Qc2 Bh6 31. d5 Rxf4 32. exf4 Bxf4 33. Qc5 Rf7 34. Qd4
g5 35. Qh8+ Kg6 36. Qg8+ 1-0

[Event "Titled Tue 24th Jun Early"]
[Site "chess.com INT"]
[Date "2025.06.24"]
[Round "11"]
[White "Cernov, Henrik"]
[Black "Adewumi, Tanitoluwa"]
[Result "0-1"]
[WhiteTitle "FM"]
[BlackTitle "FM"]
[WhiteElo "2325"]
[BlackElo "2362"]
[WhiteFideId "16258312"]
[BlackFideId "30966396"]
[EventDate "2025.06.24"]

1. e4 d5 2. Nc3 d4 3. Nce2 Nc6 4. Ng3 g6 5. Bc4 Bg7 6. d3 Nf6 7. Nf3 Bg4 8. e5
Nxe5 9. Bb5+ c6 10. Qe2 Bxf3 11. Qxe5 Bxg2 12. Rg1 Nh5 13. Qe2 Nxg3 14. fxg3 Bd5
15. Bc4 Bxc4 16. dxc4 e5 17. Bd2 O-O 18. O-O-O Qe7 19. h4 e4 20. h5 Rad8 21. h6
Bh8 22. Bf4 Rfe8 23. Rdf1 d3 24. cxd3 Rxd3 25. Rd1 Red8 26. Rge1 Qb4 27. Rxd3
Rxd3 28. a3 Bxb2+ 29. Kc2 Qb3+ 30. Kb1 Bc3+ 31. Kc1 Bxe1 32. Qxe1 Rc3+ 33. Qxc3
Qxc3+ 34. Kd1 Qxc4 35. Kd2 Qd3+ 36. Ke1 f5 37. a4 b5 38. axb5 cxb5 39. g4 fxg4
40. Bg5 g3 41. Bf4 g2 42. Bh2 e3 43. Bg1 Qd2# 0-1

[Event "Titled Tue 24th Jun Early"]
[Site "chess.com INT"]
[Date "2025.06.24"]
[Round "11"]
[White "Stojanovski, Sandi"]
[Black "Sharapov, Yevhen"]
[Result "0-1"]
[WhiteTitle "FM"]
[BlackTitle "GM"]
[WhiteElo "2169"]
[BlackElo "2375"]
[WhiteFideId "1403249"]
[BlackFideId "14103133"]
[EventDate "2025.06.24"]

1. d3 d5 2. Nf3 c5 3. g3 Nc6 4. Bg2 g6 5. O-O Bg7 6. c4 e6 7. Nc3 Nge7 8. e3
dxc4 9. dxc4 Qxd1 10. Rxd1 O-O 11. Na4 b6 12. Bd2 Ba6 13. Rac1 Rad8 14. b3 Ne5
15. Nxe5 Bxe5 16. Bc3 Bxc3 17. Nxc3 f5 18. f4 Kf7 19. e4 Rd4 20. e5 Rfd8 21.
Rxd4 Rxd4 22. Rd1 Rxd1+ 23. Nxd1 Bc8 24. Nc3 Bd7 25. Kf2 h6 26. Ke3 g5 27. Bf3
Kg6 28. Ne2 a5 29. Nc3 g4 30. Bg2 h5 31. h4 Kf7 32. Kd2 Ke8 33. a3 Kd8 34. Ke3
Kc7 35. Bh1 Nc8 36. Bg2 Na7 37. Kd3 b5 38. cxb5 Bxb5+ 39. Ke3 Bc6 40. Bxc6 Kxc6
41. Kd3 Nc8 42. Kc4 Nb6+ 43. Kd3 Nd5 44. Nxd5 Kxd5 45. Kc3 Ke4 46. Kc4 Kf3 47.
Kxc5 Kxg3 48. b4 axb4 49. axb4 Kxf4 50. b5 g3 51. b6 g2 52. b7 g1=Q+ 53. Kd6 Qb1
54. Kxe6 0-1

[Event "Titled Tue 24th Jun Early"]
[Site "chess.com INT"]
[Date "2025.06.24"]
[Round "11"]
[White "Zong, Davis"]
[Black "Dehtiarov, Roman"]
[Result "1-0"]
[WhiteTitle "FM"]
[BlackTitle "FM"]
[WhiteElo "2242"]
[BlackElo "2416"]
[WhiteFideId "30903955"]
[BlackFideId "14186640"]
[EventDate "2025.06.24"]

1. d4 Nf6 2. c4 e6 3. g3 c5 4. Nf3 cxd4 5. Nxd4 Nc6 6. Bg2 Bb4+ 7. Bd2 Bc5 8.
Nb3 Be7 9. O-O O-O 10. Nc3 d6 11. Rc1 Bd7 12. Bf4 Qb8 13. c5 e5 14. cxd6 Bxd6
15. Bg5 Be6 16. Bxf6 gxf6 17. Nd5 Kg7 18. e3 Qd8 19. Qh5 Ne7 20. Rfd1 Ng6 21. e4
Qd7 22. Ne3 Qe7 23. Nf5+ Bxf5 24. exf5 Rad8 25. fxg6 hxg6 26. Qf3 Rd7 27. Rd5
Rfd8 28. Rcd1 f5 29. Qe2 f6 30. Qd2 1-0

[Event "Titled Tue 24th Jun Early"]
[Site "chess.com INT"]
[Date "2025.06.24"]
[Round "11"]
[White "Makarian, Rudik"]
[Black "Fiorito, Francisco"]
[Result "1-0"]
[WhiteTitle "IM"]
[BlackTitle "IM"]
[WhiteElo "2524"]
[BlackElo "2433"]
[WhiteFideId "44105681"]
[BlackFideId "180165"]
[EventDate "2025.06.24"]

1. e4 c5 2. Nc3 Nc6 3. Nf3 g6 4. h4 h5 5. d4 cxd4 6. Nxd4 Bg7 7. Be3 Nf6 8. f3
O-O 9. Bc4 d5 10. exd5 Na5 11. Qd3 a6 12. O-O-O b5 13. Bb3 Bb7 14. g4 b4 15. Ne4
hxg4 16. h5 Nxb3+ 17. axb3 Qxd5 18. Nxf6+ exf6 19. hxg6 Rac8 20. Nf5 Rfe8 21.
gxf7+ Qxf7 22. Rh7 Rcd8 23. Rxg7+ Qxg7 24. Qxd8 Rxd8 25. Rxd8+ Qf8 26. Rxf8+
Kxf8 27. fxg4 Bf3 28. g5 fxg5 29. Bxg5 Kf7 30. Bd2 a5 31. Ne3 a4 32. bxa4 1-0

[Event "Titled Tue 24th Jun Early"]
[Site "chess.com INT"]
[Date "2025.06.24"]
[Round "11"]
[White "Nakonechnyi, Oleksii"]
[Black "Cornelisse, Lorelei"]
[Result "1-0"]
[WhiteTitle "CM"]
[BlackTitle "WFM"]
[WhiteElo "2222"]
[BlackElo "2138"]
[WhiteFideId "34173714"]
[BlackFideId "1087177"]
[EventDate "2025.06.24"]

1. e4 e5 2. Nf3 Nc6 3. Bc4 Nf6 4. d3 d5 5. exd5 Nxd5 6. O-O Bg4 7. Re1 Qd6 8. h3
Bh5 9. Nbd2 O-O-O 10. c3 f6 11. Ne4 Qd7 12. Ng3 Bg6 13. Qb3 Na5 14. Qd1 Nxc3 15.
bxc3 Nxc4 16. d4 h5 17. Qb3 Nb6 18. dxe5 h4 19. e6 Qc6 20. Ne2 Bc5 21. Ned4 Qd5
22. Bf4 Qxb3 23. axb3 Nd5 24. Bd2 a6 25. c4 Nb4 26. Bc3 Rhe8 27. Rad1 Rd6 28.
Nxh4 Bd3 29. Nhf5 Bxf5 30. Nxf5 Rxd1 31. Rxd1 Rxe6 32. Nxg7 Rd6 33. Rxd6 Bxd6
34. Bxf6 Nd3 35. Bd4 Nc1 36. Nf5 Nxb3 37. Bc3 Bc5 38. h4 Kd7 39. h5 Ke6 40. h6
Kxf5 41. h7 Bd4 42. Bxd4 Nxd4 43. h8=Q Ke4 44. Qa8 Kd3 45. Qxb7 c6 46. Qxa6 Ne2+
47. Kh2 Nc3 48. Qxc6 Kc2 49. c5 Kb2 50. Qd7 Nb5 51. c6 Na7 52. c7 Nb5 53. Qxb5+
Ka2 54. c8=Q 1-0

[Event "Titled Tue 24th Jun Early"]
[Site "chess.com INT"]
[Date "2025.06.24"]
[Round "11"]
[White "Guerrero Cataldo, Juan Andres"]
[Black "Aadya, Gupta"]
[Result "1-0"]
[WhiteTitle "CM"]
[BlackTitle "WFM"]
[WhiteElo "2082"]
[BlackElo "1923"]
[WhiteFideId "3421260"]
[BlackFideId "25778293"]
[EventDate "2025.06.24"]

1. e4 e5 2. Nf3 Nc6 3. c3 d5 4. Qa4 dxe4 5. Nxe5 Bd7 6. Nxd7 Qxd7 7. Qxe4+ Be7
8. Bb5 Nf6 9. Bxc6 bxc6 10. Qf3 O-O 11. O-O Bd6 12. d4 Rfe8 13. Bf4 Rab8 14. b3
Ne4 15. Bxd6 cxd6 16. Re1 Ng5 17. Rxe8+ Rxe8 18. Qd1 Qg4 19. Nd2 Nh3+ 20. Kf1
Qf5 21. gxh3 Qxh3+ 22. Kg1 Re6 23. Qf3 Qh6 24. Ne4 Qg6+ 25. Ng3 h5 26. Qxh5 Qc2
27. Qf3 Rf6 28. Qe2 Qxc3 29. Rd1 Re6 30. Qd2 Qf3 31. Rf1 f5 32. Qd1 Qf4 33. d5
Rh6 34. dxc6 Qh4 35. Qd5+ Kh8 36. Qg2 f4 37. c7 f3 38. c8=Q+ Kh7 39. Qf5+ Kh8
40. Qfxf3 1-0

[Event "Titled Tue 24th Jun Early"]
[Site "chess.com INT"]
[Date "2025.06.24"]
[Round "11"]
[White "Vinolas Anglada, Laura"]
[Black "Chen, Yidong"]
[Result "0-1"]
[WhiteTitle "WCM"]
[WhiteElo "2059"]
[BlackElo "2074"]
[WhiteFideId "24517925"]
[BlackFideId "8607028"]
[EventDate "2025.06.24"]

1. e4 c5 2. Nf3 d6 3. d4 cxd4 4. Nxd4 Nf6 5. Nc3 a6 6. Be2 e5 7. Nb3 Be7 8. O-O
O-O 9. Bf3 Be6 10. a4 Nbd7 11. a5 Rc8 12. Be3 Qc7 13. h3 Rfd8 14. Re1 h6 15. Qd2
Nc5 16. Nxc5 dxc5 17. Qe2 Rd7 18. Bd2 Rcd8 19. Red1 c4 20. Na4 Rd4 21. Nb6 Qd6
22. Bc3 Rxd1+ 23. Rxd1 Qxd1+ 24. Qxd1 Rxd1+ 25. Bxd1 Nxe4 26. Bf3 f5 27. Bxe4
fxe4 28. Bxe5 Bb4 29. Bc3 Bc5 30. Na4 Bd6 31. Kf1 Kf7 32. Bd4 g5 33. Ke2 Bd5 34.
Nb6 Be6 35. Ke3 Kg6 36. c3 Bf4+ 37. Kxe4 Bc1 38. Na4 Bd7 39. Nc5 Bc6+ 40. Ke5
Bxg2 41. Kd6 Bxb2 42. Kc7 Bxh3 43. Nxb7 Bg2 44. Nc5 h5 45. Nxa6 h4 46. Be5 h3
47. Nb4 Bxc3 48. Bg3 Bxb4 49. a6 Bc5 0-1

[Event "Titled Tue 24th Jun Early"]
[Site "chess.com INT"]
[Date "2025.06.24"]
[Round "11"]
[White "Aaradhya Das"]
[Black "Odabasi, Ruzgar"]
[Result "1-0"]
[WhiteTitle "WCM"]
[BlackTitle "CM"]
[WhiteElo "1786"]
[BlackElo "2170"]
[WhiteFideId "33361436"]
[BlackFideId "51604787"]
[EventDate "2025.06.24"]

1. e4 c6 2. d4 d5 3. f3 g6 4. Nc3 Bg7 5. Be3 Nf6 6. Nge2 O-O 7. e5 Nfd7 8. g4 c5
9. f4 cxd4 10. Bxd4 e6 11. h4 f6 12. exf6 Nxf6 13. Bxf6 Bxf6 14. g5 Bg7 15. h5
Nc6 16. hxg6 hxg6 17. Qd3 Kf7 18. O-O-O b6 19. Bg2 Ne7 20. Nd4 Qc7 21. Kb1 Bd7
22. Ndb5 Bxb5 23. Nxb5 Qd7 24. Nd4 Rad8 25. Rde1 Nf5 26. Nxe6 Qd6 27. Nxf8 Qb4
28. c3 Qd6 29. Ne6 Rd7 30. Nxg7 Kxg7 31. Bh3 Rf7 32. Bxf5 Rxf5 33. Qd4+ 1-0

[Event "Titled Tue 24th Jun Early"]
[Site "chess.com INT"]
[Date "2025.06.24"]
[Round "11"]
[White "Osinovsky, Stepan"]
[Black "Purushothaman, Thirumalai"]
[Result "1-0"]
[WhiteTitle "FM"]
[BlackTitle "FM"]
[WhiteElo "2240"]
[BlackElo "2027"]
[WhiteFideId "4157354"]
[BlackFideId "5012791"]
[EventDate "2025.06.24"]

1. e4 c5 2. Nf3 d6 3. d4 cxd4 4. Nxd4 Nf6 5. Nc3 a6 6. Be3 e5 7. Nb3 Be7 8. Qd2
Ng4 9. g3 Nxe3 10. Qxe3 Be6 11. O-O-O Nd7 12. Kb1 Rc8 13. f4 b5 14. f5 Bc4 15.
g4 Qc7 16. g5 b4 17. Nd5 Bxd5 18. Rxd5 Qxc2+ 19. Ka1 Nb6 20. Bd3 Nxd5 21. exd5
Qg2 22. Rg1 Bxg5 23. Qxg5 Qxg5 24. Rxg5 O-O 25. Bxa6 Rc2 26. a4 bxa3 27. bxa3
Rxh2 28. a4 Rh3 29. Ka2 Rb8 30. Bb5 f6 31. Rg2 Rh4 32. Na5 Ra8 33. Nc6 Rf4 34.
Kb3 Rf3+ 35. Kb4 Rxf5 36. Ne7+ Kf7 37. Nxf5 1-0